Globalizácia a riziká v poisťovníctve

Globalizácia a s ňou súvisiace sociálno-ekonomické a legislatívne zmeny v poisťovníctve. Vznik nových, globálne pôsobiacich rizík a zintenzívnenie existujúcich rizík. Využitie Delfskej metódy na slovenskom poistom trhu výskumom vplyvu globalizácie v poisťovníctve. Riešenia problémov subjektov poistn...

Description complète

Enregistré dans:
Détails bibliographiques
Auteur principal: Krátka, Zuzana, 1968-
Format: Chapitre de livre
Langue:slovaque
Sujets:
Tags: Ajouter un tag
Pas de tags, Soyez le premier à ajouter un tag!

MARC

LEADER 00000naa$a2200000$$$4500
001 0114503
005 20231107122619.4
041 0 |a slo 
044 |a SK 
245 1 0 |a Globalizácia a riziká v poisťovníctve  |c Zuzana Krátka 
520 |a Globalizácia a s ňou súvisiace sociálno-ekonomické a legislatívne zmeny v poisťovníctve. Vznik nových, globálne pôsobiacich rizík a zintenzívnenie existujúcich rizík. Využitie Delfskej metódy na slovenskom poistom trhu výskumom vplyvu globalizácie v poisťovníctve. Riešenia problémov subjektov poistného trhu. 
610 2 0 |a Slovensko 
610 2 0 |a trh poistný 
610 2 0 |a globalizácia 
610 2 0 |a poisťovníctvo 
610 2 0 |a riziko poistné 
610 2 0 |a poistenie životné 
610 2 0 |a poistenie neživotné 
100 1 |a Krátka, Zuzana, 1968-